header

Interactive computing microsoft word 2000 (Record no. 254557)

MARC details
000 -LEADER
fixed length control field 00396nam a22001577a 4500
003 - CONTROL NUMBER IDENTIFIER
control field OSt
005 - DATE AND TIME OF LATEST TRANSACTION
control field 20160617151223.0
008 - FIXED-LENGTH DATA ELEMENTS--GENERAL INFORMATION
fixed length control field 160617b xxu||||| |||| 00| 0 eng d
020 ## - INTERNATIONAL STANDARD BOOK NUMBER
International Standard Book Number 0-07-234936-0
040 ## - CATALOGING SOURCE
Transcribing agency n/a
050 ## - LIBRARY OF CONGRESS CALL NUMBER
Classification number T385
Item number .L3822 2001
100 ## - MAIN ENTRY--PERSONAL NAME
Personal name Laudon Kenneth C.
245 ## - TITLE STATEMENT
Title Interactive computing microsoft word 2000
260 ## - PUBLICATION, DISTRIBUTION, ETC. (IMPRINT)
Name of publisher, distributor, etc Irwin McGraw-Hill
Date of publication, distribution, etc 2000
942 ## - ADDED ENTRY ELEMENTS (KOHA)
Source of classification or shelving scheme Library of Congress Classification
Koha item type Long Loan Books
Holdings
Withdrawn status Lost status Source of classification or shelving scheme Damaged status Not for loan Collection code Home library Current library Shelving location Date acquired Total Checkouts Full call number Barcode Date last seen Date checked out Price effective from Koha item type
    Library of Congress Classification     Non-fiction Rongo University Library Rongo University Library General Stacks 17/06/2016 1 T385 .L3822 2001 20087668 05/02/2018 22/01/2018 17/06/2016 Long Loan Books

© 2026 Rongo University
Contact us: librarian | system librarian | Rongo university